000 00681nam a2200241Ia 4500
003 OSt
005 20220928130342.0
006 a|||||r|||| 00| 0
007 ta
008 220927b |||||||| |||| 00| 0 hin d
024 _a129680
037 _bGift, 05/05/2016,
_cTextual
040 _aSDCL
_cSDCL
_bhin
041 _2hin
_ahin
082 _aV438'P, Q5
100 _aBhatia Rajiv K. Ed.
_9414607
245 0 _aMyamar me privartan
260 _aNew Delhi
_bVishva Mamlo ki Bhartiya Parishad
_c2015
300 _axx;169p.
_ccm.
650 _aGift
_9391569
942 _hV438'P, Q5
_cTEXL
_2CC
999 _c786239
_d786239